| 000 | 00560nam a2200217 a 4500 | ||
|---|---|---|---|
| 999 |
_c5766 _d5766 |
||
| 001 | 5766 | ||
| 003 | BD-JhCC | ||
| 005 | 20171221094651.0 | ||
| 008 | 171221s19331953e |||| || | 000 0 eng d | ||
| 035 | _a(BD-JhCC)5766 | ||
| 040 |
_aBD-JhCC _dBD-JhCC |
||
| 041 | _aeng | ||
| 082 |
_a428 _bWOO 1953 |
||
| 100 | _aWood, Frederick T. | ||
| 245 |
_aA Middle School English Course / _cFrederick T. Wood, |
||
| 260 |
_aLondon : _bMacmillan and CO. Ltd, _c1953. |
||
| 300 |
_a184 p. : _c18 cm. |
||
| 650 | _aEnglish Language | ||
| 942 |
_2ddc _cBK |
||